| 000 | 00914cam a2200301 i 4500 | ||
|---|---|---|---|
| 999 |
_c200438550 _d56762 |
||
| 001 | 200438550 | ||
| 003 | TR-AnTOB | ||
| 005 | 20200821092741.0 | ||
| 007 | ta | ||
| 008 | 150309s2014 aj a 000 0 aj c | ||
| 020 | _a9789952489910 | ||
| 040 |
_aTR-AnTOB _beng _erda _cTR-AnTOB |
||
| 041 | 0 |
_aaze _aeng _arus |
|
| 043 | _aa-aj--- | ||
| 050 | 0 | 0 |
_aDK670 _b.İ27 2014 |
| 090 |
_aDK670 _b.İ27 2014 |
||
| 100 | 1 |
_aİbrahimov, Eldeniz _eauthor _9128272 |
|
| 245 | 1 | 0 |
_aGürcüstan : _bAzerbaycan elleri / _cEldeniz İbrahimov. |
| 264 | 1 |
_aBakı : _bŞərq-qərb, _c2014. |
|
| 300 |
_a311 pages : _billustrations ; _c21x21 cm |
||
| 336 |
_astill image _btxt _2rdacontent |
||
| 336 |
_atext _btxt _2rdacontent |
||
| 337 |
_aunmediated _bn _2rdamedia |
||
| 338 |
_avolume _bnc _2rdacarrier |
||
| 651 | 7 |
_aGürcistan (Cumhuriyet) _xTarih _vKaynaklar _2etuturkob _984390 |
|
| 942 |
_2lcc _cBK |
||